|
|
|
|
| LEADER |
00000nam0a2200000 4500 |
| 001 |
316000 |
| 005 |
20231102002831.0 |
| 010 |
|
|
|a 9785434402170
|
| 035 |
|
|
|a (RuTPU)RU\TPU\book\341437
|
| 090 |
|
|
|a 316000
|
| 100 |
|
|
|a 20160314d2014 k y0rusy50 ca
|
| 101 |
0 |
|
|a rus
|
| 102 |
|
|
|a RU
|
| 105 |
|
|
|a a z 001zy
|
| 200 |
1 |
|
|a Моделирование ударно-волновых процессов в упругопластических материалах на различных (атомный, мезо и термодинамический) структурных уровнях
|e монография
|f С. К. Годунов [и др.]
|
| 210 |
|
|
|a Москва
|a Ижевск
|c Институт компьютерных исследований
|d 2014
|
| 215 |
|
|
|a 296 с.
|c ил.
|
| 320 |
|
|
|a Библиогр. в конце гл.
|
| 330 |
|
|
|a В книге представлены результаты численного и экспериментального моделирования ударно-волновых процессов в упругопластических материалах на различных уровнях. Численное моделирование производится на основе релаксационной модели Максвелла и методом молекулярной динамики. В экспериментах используется метод импульсной рентгенографии, а также проведены металлографические исследования сохраненных образцов. На задачах косого соударения металлических пластин показано, что численное моделирование правильно отражает картину возникновения и развития волн на контактной границе и образования струй впереди точки контакта. Попутно отмечены ограничения, которые накладывают запреты на использование предлагаемой упругопластической модели в зоне столкновения пластин с момента, при котором в этой зоне начинается расслоение материала пластин на тонкие слои. В этой зоне процесс не может быть описан упругопластической моделью. Именно это обстоятельство послужило поводом к переходу на модель молекулярной динамики.Монография будет полезна научным сотрудникам, специалистам, аспирантам и студентам, интересующимся вопросами моделирования упругопластических деформаций на различных структурных уровнях (от подхода сплошной среды до атомарного уровня).
|
| 606 |
1 |
|
|a Деформация упругопластическая
|2 stltpush
|3 (RuTPU)RU\TPU\subj\9399
|9 36657
|
| 610 |
1 |
|
|a физика
|
| 610 |
1 |
|
|a упругопластичные материалы
|
| 610 |
1 |
|
|a ударно-волновые процессы
|
| 610 |
1 |
|
|a молекулярная динамика
|
| 610 |
1 |
|
|a механика
|
| 610 |
1 |
|
|a твердые тела
|
| 610 |
1 |
|
|a кристаллическая структура
|
| 610 |
1 |
|
|a металлические пластины
|
| 610 |
1 |
|
|a математическое моделирование
|
| 610 |
1 |
|
|a соударения
|
| 610 |
1 |
|
|a численное моделирование
|
| 610 |
1 |
|
|a разрушение
|
| 610 |
1 |
|
|a металлические нанокомпозиты
|
| 610 |
1 |
|
|a компактирование
|
| 610 |
1 |
|
|a металлические микропорошки
|
| 610 |
1 |
|
|a ударные волны
|
| 610 |
1 |
|
|a гидродинамика
|
| 610 |
1 |
|
|a энтропия
|
| 610 |
1 |
|
|a упругопластические деформации
|
| 675 |
|
|
|a 539.37
|v 3
|
| 701 |
|
1 |
|a Годунов
|b С. К.
|g Сергей Константинович
|
| 701 |
|
1 |
|a Киселев
|b С. П.
|g Сергей Петрович
|
| 701 |
|
1 |
|a Куликов
|b И. М.
|g Игорь Михайлович
|
| 701 |
|
1 |
|a Мали
|b В. И.
|g Вячеслав Иосифович
|
| 801 |
|
1 |
|a RU
|b 63413507
|c 20160314
|
| 801 |
|
2 |
|a RU
|b 63413507
|c 20160321
|g RCR
|
| 900 |
|
|
|a Численные методы математической физики
|
| 900 |
|
|
|a Численные методы решения задач технической физики
|
| 942 |
|
|
|c BK
|